[Event "Ambelokipi op 173rd"]
[Site "Athens"]
[Date "2019.05.15"]
[Round "2"]
[White "Chantzopoulos, Theodoros"]
[Black "Delithanasis, Dimitrios"]
[Result "0-1"]
[WhiteElo "1538"]
[BlackElo "1961"]
[PlyCount "52"]
[EventDate "2019.05.08"]
[EventType "swiss"]
[EventRounds "7"]
[EventCountry "GRE"]
[SourceTitle "EXT 2020"]
[Source "ChessBase"]
[SourceDate "2019.10.17"]
[SourceVersion "1"]
[SourceVersionDate "2019.10.17"]
[SourceQuality "1"]

1. e4 e5 2. Nf3 Nc6 3. Bb5 Nf6 4. 0-0 Nxe4 5. d4 Nd6 6. Bxc6 dxc6 7. dxe5 Nf5 8. Qxd8+ Kxd8 9. h3 Ke8 10. Nc3 Be7 11. Ne4 Be6 12. Bg5 Rd8 13. Rfd1 Bd5 14. Ned2 c5 15. c3 h5 16. a4 h4 17. a5 Rh5 18. Bxe7 Kxe7 19. Re1 Rh6 20. Ne4 c4 21. Neg5 Bc6 22. e6 f6 23. Nf7 Rg6 24. Nxd8 Bxf3 25. Rad1 Rxg2+ 26. Kf1 Rh2 0-1

[Event "Ambelokipi op 172nd"]
[Site "Athens"]
[Date "2019.03.13"]
[Round "2"]
[White "Loupos, Vasilios"]
[Black "Chantzopoulos, Theodoros"]
[Result "1-0"]
[WhiteElo "1951"]
[BlackElo "1544"]
[PlyCount "49"]
[EventDate "2019.03.06"]
[EventType "swiss"]
[EventRounds "7"]
[EventCountry "GRE"]
[SourceTitle "EXT 2020"]
[Source "ChessBase"]
[SourceDate "2019.10.17"]
[SourceVersion "1"]
[SourceVersionDate "2019.10.17"]
[SourceQuality "1"]

1. d4 Nf6 2. Bf4 c5 3. e3 g6 4. Nc3 cxd4 5. exd4 Bg7 6. Be2 0-0 7. h4 Qa5 8. Qd2 Nd5 9. Nxd5 Qxd5 10. c3 d6 11. Bf3 Qb5 12. Ne2 Nc6 13. h5 e5 14. Bh6 Bxh6 15. Qxh6 Qxb2 16. Rc1 Bf5 17. hxg6 Bxg6 18. Bh5 Bd3 19. Qg5+ Bg6 20. d5 f6 21. Qh6 Bxh5 22. Qxh5 Rf7 23. dxc6 bxc6 24. Qg4+ Rg7 25. Qe6+ 1-0

[Event "Ambelokipi op 168th"]
[Site "Athens"]
[Date "2018.03.14"]
[Round "3"]
[White "Papadimitriou, Loukas"]
[Black "Chantzopoulos, Theodoros"]
[Result "1-0"]
[WhiteElo "1995"]
[BlackElo "1662"]
[PlyCount "45"]
[EventDate "2018.02.28"]
[EventType "swiss"]
[EventRounds "7"]
[EventCountry "GRE"]
[SourceTitle "EXT 2019"]
[Source "ChessBase"]
[SourceDate "2018.10.10"]
[SourceVersion "1"]
[SourceVersionDate "2018.10.10"]
[SourceQuality "1"]

1. Nf3 d5 2. d4 Bg4 3. c4 Nc6 4. cxd5 Bxf3 5. dxc6 Bxc6 6. Nc3 Nf6 7. Bg5 Ne4 8. Nxe4 Bxe4 9. f3 Bc6 10. e4 Qd7 11. d5 Bb5 12. Qb3 Bxf1 13. Rxf1 c6 14. 0-0-0 c5 15. e5 c4 16. Qe3 e6 17. dxe6 Qxe6 18. Qxa7 Qa6 19. Qd4 Bd6 20. Qxd6 Qxd6 21. exd6 0-0 22. Be7 Rfe8 23. Rfe1 1-0

[Event "Ambelokipi op 167th"]
[Site "Athens"]
[Date "2018.01.10"]
[Round "1"]
[White "Chantzopoulos, Theodoros"]
[Black "Kofidis, Andreas"]
[Result "0-1"]
[WhiteElo "1652"]
[BlackElo "2330"]
[PlyCount "49"]
[EventDate "2018.01.10"]
[EventType "swiss"]
[EventRounds "7"]
[EventCountry "GRE"]
[SourceTitle "EXT 2019"]
[Source "ChessBase"]
[SourceDate "2018.10.10"]
[SourceVersion "1"]
[SourceVersionDate "2018.10.10"]
[SourceQuality "1"]

1. e4 c5 2. Nf3 d6 3. d4 cxd4 4. Nxd4 Nf6 5. Nc3 a6 6. a3 e6 7. g4 b5 8. Bg2 Bb7 9. 0-0 Be7 10. e5 dxe5 11. Bxb7 Ra7 12. Bc6+ Nfd7 13. Ndxb5 axb5 14. Nxb5 Nxc6 15. Nxa7 Nxa7 16. Be3 0-0 17. c3 Nc6 18. b4 Nf6 19. Qc2 Qc7 20. a4 Rc8 21. Qd3 e4 22. Qe2 Ne5 23. a5 Nf3+ 24. Kg2 Nd5 25. a6 0-1

[Event "Ambelokipi op 165th"]
[Site "Athens"]
[Date "2017.10.25"]
[Round "7"]
[White "Chantzopoulos, Theodoros"]
[Black "Papadimitriou, Loukas"]
[Result "0-1"]
[WhiteElo "1569"]
[BlackElo "2069"]
[PlyCount "64"]
[EventDate "2017.09.13"]
[EventType "swiss"]
[EventRounds "7"]
[EventCountry "GRE"]
[SourceTitle "EXT 2024"]
[Source "ChessBase"]
[SourceDate "2023.10.10"]
[SourceVersion "1"]
[SourceVersionDate "2023.10.10"]
[SourceQuality "1"]

1. e4 c6 2. d4 d5 3. Nc3 dxe4 4. Nxe4 Nf6 5. Nxf6+ gxf6 6. Bf4 Qb6 7. b3 e5 8. dxe5 fxe5 9. Be3 Bb4+ 10. Bd2 Bf5 11. Bxb4 Qxb4+ 12. Qd2 Qe4+ 13. Ne2 Qxc2 14. Rd1 Nd7 15. Ng3 Qxd2+ 16. Rxd2 Bg6 17. h4 h6 18. Be2 f5 19. Rd6 Bh7 20. Rxh6 0-0-0 21. Rxh7 Rxh7 22. Nxf5 Nc5 23. g4 Ne6 24. Bc4 Ng5 25. a4 Kc7 26. Ke2 Ne4 27. f3 Nf6 28. Rg1 Nd5 29. h5 b5 30. axb5 cxb5 31. Bxd5 Rxd5 32. Ke3 a5 0-1

[Event "Ambelokipi op 163th"]
[Site "Athens"]
[Date "2017.03.15"]
[Round "3"]
[White "Grafakou, Sotiria Aphrodite"]
[Black "Chantzopoulos, Theodoros"]
[Result "1/2-1/2"]
[WhiteElo "1652"]
[BlackElo "1655"]
[PlyCount "62"]
[EventDate "2017.03.01"]
[EventType "swiss"]
[EventRounds "7"]
[EventCountry "GRE"]
[SourceTitle "EXT 2024"]
[Source "ChessBase"]
[SourceDate "2023.10.10"]
[SourceVersion "1"]
[SourceVersionDate "2023.10.10"]
[SourceQuality "1"]

1. d4 Nf6 2. c4 g6 3. Nc3 d5 4. cxd5 Nxd5 5. e4 Nxc3 6. bxc3 Bg7 7. Nf3 c5 8. Be3 Qa5 9. Qb3 0-0 10. Bc4 Nc6 11. 0-0 cxd4 12. cxd4 Qb4 13. Qxb4 Nxb4 14. Bg5 Nc6 15. Rfd1 Bg4 16. Be3 Bxf3 17. gxf3 Rfd8 18. Bd5 Nb4 19. Bb3 Rac8 20. Rac1 Rxc1 21. Rxc1 Bxd4 22. Bxd4 Rxd4 23. Rc7 e6 24. Rxb7 Nc6 25. Rc7 Ne5 26. Kg2 Rd2 27. Rxa7 Nd3 28. Kg3 Nxf2 29. Rc7 Nh1+ 30. Kh3 Nf2+ 31. Kg3 Nh1+ 1/2-1/2

[Event "Ambelokipi op 159th"]
[Site "Athens"]
[Date "2016.05.26"]
[Round "5"]
[White "Chantzopoulos, Theodoros"]
[Black "Nikolaou, Georgios"]
[Result "0-1"]
[WhiteElo "1642"]
[BlackElo "2255"]
[PlyCount "58"]
[EventDate "2016.04.20"]
[EventType "swiss"]
[EventRounds "7"]
[EventCountry "GRE"]
[SourceTitle "EXT 2024"]
[Source "ChessBase"]
[SourceDate "2023.10.10"]
[SourceVersion "1"]
[SourceVersionDate "2023.10.10"]
[SourceQuality "1"]

1. e4 c5 2. Nf3 e6 3. d4 cxd4 4. Nxd4 Nc6 5. c4 Nf6 6. Nc3 Bb4 7. Nxc6 bxc6 8. Bd3 e5 9. Bd2 0-0 10. 0-0 Bc5 11. Kh1 d5 12. f3 dxe4 13. Bxe4 Nxe4 14. Nxe4 Bd4 15. Rb1 f5 16. Nc3 Qf6 17. Ne2 c5 18. Nxd4 cxd4 19. c5 Be6 20. a3 Bd5 21. b4 Rac8 22. Qc2 Qe6 23. b5 e4 24. fxe4 fxe4 25. Rfe1 Rf2 26. Rf1 Rxg2 27. b6 Qh3 28. Bf4 Rxc2 29. b7 Qg2# 0-1

[Event "Ambelokipi op 159th"]
[Site "Athens"]
[Date "2016.05.18"]
[Round "4"]
[White "Karaiskakis, Petros"]
[Black "Chantzopoulos, Theodoros"]
[Result "0-1"]
[WhiteElo "1577"]
[BlackElo "1642"]
[PlyCount "64"]
[EventDate "2016.04.20"]
[EventType "swiss"]
[EventRounds "7"]
[EventCountry "GRE"]
[SourceTitle "EXT 2024"]
[Source "ChessBase"]
[SourceDate "2023.10.10"]
[SourceVersion "1"]
[SourceVersionDate "2023.10.10"]
[SourceQuality "1"]

1. d4 Nf6 2. Nf3 c5 3. d5 d6 4. Nc3 e6 5. e4 exd5 6. exd5 Be7 7. Be2 a6 8. a4 0-0 9. 0-0 Nbd7 10. Nd2 Ne5 11. f4 Neg4 12. Nc4 Re8 13. a5 Bf8 14. h3 Nh6 15. g4 Ne4 16. Nxe4 Rxe4 17. Bd3 Re8 18. f5 Qh4 19. Qf3 f6 20. Bf4 Nf7 21. Kg2 Ng5 22. Bxg5 Qxg5 23. Rae1 Rxe1 24. Rxe1 Bd7 25. Qg3 h5 26. Re4 h4 27. Qe1 Bxf5 28. Qe2 Bxe4+ 29. Qxe4 g6 30. Qe6+ Kh8 31. Nxd6 Bxd6 32. Qxd6 Re8 0-1

[Event "Athens Georgiou Memorial 2nd"]
[Site "Athens"]
[Date "2016.04.09"]
[Round "6"]
[White "Marinopoulos, Nikolaos"]
[Black "Chantzopoulos, Theodoros"]
[Result "1-0"]
[WhiteElo "1862"]
[BlackElo "1621"]
[PlyCount "87"]
[EventDate "2016.02.27"]
[EventType "swiss"]
[EventRounds "7"]
[EventCountry "GRE"]
[SourceTitle "EXT 2024"]
[Source "ChessBase"]
[SourceDate "2023.10.10"]
[SourceVersion "1"]
[SourceVersionDate "2023.10.10"]
[SourceQuality "1"]

1. b3 Nf6 2. Bb2 d5 3. e3 c5 4. c4 d4 5. exd4 cxd4 6. d3 e5 7. Nf3 Nc6 8. Be2 Bb4+ 9. Nfd2 0-0 10. 0-0 Re8 11. a3 Ba5 12. b4 Bc7 13. Bf3 Bf5 14. Nb3 e4 15. dxe4 Qd6 16. g3 Bxe4 17. N1d2 Bd3 18. c5 Qd7 19. Re1 Rxe1+ 20. Qxe1 Rc8 21. Qd1 b6 22. Rc1 b5 23. Nf1 Ne5 24. Nxd4 Nxf3+ 25. Nxf3 Qf5 26. Ne3 Qe4 27. Ne1 Rd8 28. Bxf6 gxf6 29. Nxd3 Rxd3 30. Qg4+ Qxg4 31. Nxg4 Rxa3 32. Nxf6+ Kf8 33. Nd5 Be5 34. c6 a5 35. c7 Bxc7 36. Rxc7 axb4 37. Rc8+ Kg7 38. Nxb4 Ra1+ 39. Kg2 Rb1 40. Nd5 b4 41. Rb8 b3 42. Nc3 Rb2 43. Na4 Rb1 44. Nc5 1-0

[Event "Ambelokipi op 157th"]
[Site "Athens"]
[Date "2016.01.13"]
[Round "1"]
[White "Karagiannis, Athanasios"]
[Black "Chantzopoulos, Theodoros"]
[Result "1-0"]
[WhiteElo "2248"]
[BlackElo "1617"]
[PlyCount "25"]
[EventDate "2016.01.13"]
[EventType "swiss"]
[EventRounds "7"]
[EventCountry "GRE"]
[SourceTitle "EXT 2024"]
[Source "ChessBase"]
[SourceDate "2023.10.10"]
[SourceVersion "1"]
[SourceVersionDate "2023.10.10"]
[SourceQuality "1"]

1. d4 Nf6 2. Nc3 d5 3. Bg5 Nbd7 4. f3 h6 5. Bh4 g5 6. Bg3 Bg7 7. Nb5 e5 8. dxe5 Nh5 9. Qxd5 Nxe5 10. Bxe5 Qxd5 11. Nxc7+ Kf8 12. Bxg7+ Kxg7 13. Nxd5 1-0